Gayarre y su tiempo (Record no. 9278)

MARC details
000 -LEADER
campo de control de longitud fija 00849nam a2200205 i 4500
001 - NÚMERO DE CONTROL
campo de control 9278
003 - IDENTIFICADOR DE NÚMERO DE CONTROL
campo de control ES-MaACL
005 - FECHA Y HORA DE LA ÚLTIMA TRANSACCIÓN
campo de control 20230906145637.0
007 - CAMPO FIJO DE DESCRIPCIÓN FÍSICA--INFORMACIÓN GENERAL
campo de control de longitud fija t|
008 - DATOS DE LONGITUD FIJA--INFORMACIÓN GENERAL
campo de control de longitud fija 930604s1990 sp ||||1| spa d
080 ## - NÚMERO DE LA CLASIFICACIÓN DECIMAL UNIVERSAL
Número de la Clasificación Decimal Universal 061.43(465.111.3)"1990":7 Gayarre
080 ## - NÚMERO DE LA CLASIFICACIÓN DECIMAL UNIVERSAL
Número de la Clasificación Decimal Universal 7 Gayarre, Julián
080 ## - NÚMERO DE LA CLASIFICACIÓN DECIMAL UNIVERSAL
Número de la Clasificación Decimal Universal 782(46)"1844/1890"Gayarre
245 00 - MENCIÓN DEL TÍTULO
Título Gayarre y su tiempo
Resto del título : exposición celebrada con motivo del primer centenario de la muerte de Julián Gayarre : Pamplona, enero-febrero 1990 /
Mención de responsabilidad, etc. Organizada por [el] Gobierno de Navarra.
260 ## - PUBLICACIÓN, DISTRIBUCIÓN, ETC.
Lugar de publicación, distribución, etc. [Pamplona] :
Nombre del editor, distribuidor, etc. Gobierno de Navarra, Departamento de Educación y Cultura,
Fecha de publicación, distribución, etc. 1990.
300 ## - DESCRIPCIÓN FÍSICA
Extensión 216 p. : il. ;
Dimensiones 29 cm.
600 14 - PUNTO DE ACCESO ADICIONAL DE MATERIA--NOMBRE DE PERSONA
Nombre de persona Gayarre, Julián.
Subencabezamiento de forma Exposiciones.
9 (RLIN) 56141
710 1# - ENTRADA AGREGADA--NOMBRE DE ENTIDAD CORPORATIVA
Nombre de entidad corporativa o nombre de jurisdicción como elemento de entrada Navarra (Comunidad Autónoma).
Unidad subordinada Departamento de Educación y Cultura.
9 (RLIN) 5980
852 ## - LOCALIZACIÓN
Ubicación ES-MaACL
Número de control de estantería L-16416
Sublocalización o colección R.118091
Holdings
Estatus retirado Estado de pérdida Estado de daño No para préstamo Biblioteca de origen Biblioteca actual Ubicación en estantería Fecha de adquisición Fuente de adquisición Total de préstamos Signatura topográfica completa Código de barras Visto por última vez Precio de reemplazo Tipo de ítem Koha
        Biblioteca del Ateneo de Madrid Biblioteca del Ateneo de Madrid Depósito 2 17/01/2008     L-16416 1009467 23/02/2023 23/02/2023 Libro impreso